Вып. 4; Русская живопись в музеях РСФСР

التفاصيل البيبلوغرافية
Parent link:Русская живопись в музеях РСФСР: [альбом репродукций]/ сост. П. Н. Рябинкин. Вып. 4.— , 1955-
مؤلفون آخرون: Савинов А. Н. Алексей Николаевич (составитель)
اللغة:الروسية
منشور في: 1958
الموضوعات:
التنسيق: MixedMaterials كتاب
KOHA link:https://koha.lib.tpu.ru/cgi-bin/koha/opac-detail.pl?biblionumber=184245

MARC

LEADER 00000nam2a2200000 4500
001 184245
005 20231101223830.0
035 |a (RuTPU)RU\TPU\book\199748 
035 |a RU\TPU\book\127663 
090 |a 184245 
100 |a 20070607d1958 m y0rusy50 ca 
101 0 |a rus 
102 |a RU 
105 |a a z 001zy 
200 0 |a Вып. 4  |f сост. А. Н. Савинов 
210 |d 1958 
215 |a 22 с.  |c 40 л. ил. 
320 |a Список репродукций в конце книги. 
461 1 |0 (RuTPU)RU\TPU\book\146550  |t Русская живопись в музеях РСФСР  |o [альбом репродукций]  |f сост. П. Н. Рябинкин  |v Вып. 4  |d 1955-   |s Художественные сокровища СССР 
606 1 |a Живопись  |2 stltpush  |3 (RuTPU)RU\TPU\subj\73461  |9 86457 
610 1 |a русская живопись 
610 1 |a музеи 
610 1 |a РСФСР 
610 1 |a альбомы 
610 1 |a репродукции 
610 1 |a Новгородский историко-художественный музей 
610 1 |a Псковский областной краеведческий музей 
610 1 |a Вологодская картинная галерея 
610 1 |a Новгород 
610 1 |a Новгород Великий 
675 |a 75(084)  |v 3 
702 1 |a Савинов  |b А. Н.  |g Алексей Николаевич  |4 220 
801 1 |a RU  |b 63413507  |c 20100831 
801 2 |a RU  |b 63413507  |c 20201124  |g RCR 
942 |c BK